| Поле | Инд. | ПП | Название | Значение |
|---|---|---|---|---|
| Тип записи | a | |||
| Библиографический уровень | m | |||
| 001 | Контрольный номер | RU/IS/BASE/369924534 | ||
| 005 | Дата корректировки | 20251117103851.9 | ||
| 008 | Кодируемые данные | 20110921 | ||
| 020 | a | ISBN | 9785699372270 | |
| 040 | b | Код языка каталог. | rus | |
| e | Правила каталог. | PSBO | ||
| 041 | 0_ | a | Код языка текста | rus |
| 084 | a | Индекс другой классификации/Индекс ББК | 84(4Вел)52-44 | |
| 090 | a | Полочн. индекс | 84(4Вел)52-44 | |
| x | Авторский знак | Б 885 | ||
| 100 | 1_ | a | Автор | Бронте Ш. |
| q | Полное имя | Бронте Шарлотта | ||
| 245 | 10 | a | Заглавие | Джейн Эйр |
| b | Продолж. заглавия | роман | ||
| c | Ответственность | перевод с английского В. О. Станевич; вcтупительная статья В. Татаринова; ответственный редактор Е. Назарова; редактор Е. Улищенко; художник Н. Ярусова | ||
| 260 | a | Место издания | Москва | |
| b | Издательство | ЭКСМО | ||
| c | Дата издания | 2011 | ||
| 300 | a | Объем | 512 с. | |
| 336 | a | Термин вида содержания | Текст | |
| 337 | a | Термин типа средства | непосредственный | |
| 440 | _0 | a | Серия | Современные и классические бестселлеры |
| 521 | a | Примеч. о целев. назн. | Колледж Дубна (с универом) | |
| 650 | 04 | a | Основная рубрика | художественная литература |
| 653 | 0_ | a | Ключевые слова | XIX век |
| a | Ключевые слова | английская литература | ||
| a | Ключевые слова | Великобритания | ||
| 655 | a | Жанр/ форма (устаревшее) | проза | |
| a | Жанр/ форма (устаревшее) | роман | ||
| 700 | 12 | a | Автор | Станевич В. О. |
| e | Роль лиц | переводчик | ||
| 700 | 1_ | a | Автор | Татаринов В. |
| e | Роль лиц | автор вступительной статьи | ||
| 700 | 1_ | a | Автор | Назарова Е. |
| e | Роль лиц | редактор | ||
| 700 | 1_ | a | Автор | Улищенко Е. |
| e | Роль лиц | редактор | ||
| 700 | 1_ | a | Автор | Ярусова Н. |
| e | Роль лиц | художник | ||
| 787 | 18 | w | Контрольный номер связываемой записи | RU/IS/BASE/433852106 |
| 901 | t | Тип документа | m | |
| 952 | a | Тип литературы для КСУ ВШ | ЛХИ |